000 00597nam a2200193Ia 4500
003 GCL
008 140319s9999 xx 000 0 ara d
020 _a2192291977
040 _aGCL /
_cGCL
082 0 4 _a811.9569
_bن ا
100 1 _aنداء خورى
245 1 0 _aاجمل الالهات تبكى /
_cنداء خورى
250 _aالاولى
260 _aالقاهرة :
_bمركز الحضارة العربية للاعلام والنشر ،
_c2000
300 _a107 ص ؛
_c15 سم
650 0 4 _aالشعر العربى
650 0 4 _aالشعر السياسى
942 _2ddc
_cBK
999 _c5117
_d5117